[Event "Bizkaia-ch Preferente"]
[Site "Bilbao"]
[Date "2012.11.03"]
[Round "3.7"]
[White "Garrido Legarreta, Jose Javier"]
[Black "Iglesias Balbas, Ruben"]
[Result "0-1"]
[WhiteElo "2056"]
[BlackElo "1970"]
[PlyCount "77"]
[EventDate "2012.10.20"]
[EventType "swiss"]
[EventRounds "6"]
[EventCountry "ESP"]
[SourceTitle "EXT 2024"]
[Source "ChessBase"]
[SourceDate "2023.10.10"]
[SourceVersion "1"]
[SourceVersionDate "2023.10.10"]
[SourceQuality "1"]

1. d4 Nf6 2. c4 d6 3. Nc3 g6 4. e4 Bg7 5. f3 0-0 6. Be3 e5 7. Nge2 exd4 8. Nxd4 Be6 9. Be2 Qd7 10. 0-0 Nc6 11. Qd2 Rfe8 12. Nd5 a6 13. Rfc1 Ne5 14. Nxe6 fxe6 15. Nxf6+ Bxf6 16. f4 Nc6 17. e5 Bg7 18. Rd1 Bf8 19. exd6 cxd6 20. Bg4 Qf7 21. Bb6 e5 22. Qd5 exf4 23. Rf1 Qxd5 24. cxd5 Ne5 25. Be6+ Kh8 26. Rxf4 Re7 27. Raf1 Bg7 28. Bd4 b5 29. Bc3 a5 30. a3 Rea7 31. g4 g5 32. Rf5 h6 33. h3 Rb8 34. Kg2 b4 35. Bd4 Rc7 36. axb4 axb4 37. Bxe5 Bxe5 38. R1f2 Bf4 39. h4 0-1

[Event "Erandio op 20th"]
[Site "Erandio"]
[Date "2011.12.22"]
[Round "7"]
[White "Diez Fraile, David"]
[Black "Garrido Legarreta, Jose Javier"]
[Result "0-1"]
[WhiteElo "2184"]
[BlackElo "2060"]
[PlyCount "99"]
[EventDate "2011.12.17"]
[EventType "swiss"]
[EventRounds "9"]
[EventCountry "ESP"]
[SourceTitle "EXT 2024"]
[Source "ChessBase"]
[SourceDate "2023.10.10"]
[SourceVersion "1"]
[SourceVersionDate "2023.10.10"]
[SourceQuality "1"]

1. d4 Nf6 2. Bg5 c5 3. Bxf6 gxf6 4. d5 Qb6 5. Qc1 f5 6. e3 Bg7 7. c3 d6 8. Nd2 Nd7 9. Nh3 h5 10. Be2 Ne5 11. Nf4 h4 12. 0-0 Rg8 13. Rb1 Qc7 14. c4 Bd7 15. b4 b6 16. Qc2 Bh6 17. Nf3 Nxf3+ 18. Bxf3 cxb4 19. Rxb4 a5 20. Rbb1 b5 21. Rfc1 Rc8 22. Be2 b4 23. Bd3 e6 24. dxe6 fxe6 25. Qe2 Bxf4 26. Qh5+ Ke7 27. exf4 Rh8 28. Qg5+ Kf7 29. Be2 Qd8 30. Bh5+ Kf8 31. Qxd8+ Rxd8 32. Bf3 Rc8 33. a3 bxa3 34. Ra1 Ke7 35. Rxa3 Rc5 36. Rd1 Rxc4 37. Rxa5 Rxf4 38. Ra7 Rc4 39. h3 Rhc8 40. Ra6 d5 41. Kh2 Rc2 42. Re1 R8c5 43. Be2 Rd2 44. Ra7 Kd6 45. Ra6+ Bc6 46. Bh5 Rxf2 47. Be8 Rcc2 48. Rg1 d4 49. Bxc6 Rxc6 50. Ra8 0-1

[Event "Erandio op 20th"]
[Site "Erandio"]
[Date "2011.12.17"]
[Round "2"]
[White "Sanabria Alvaro, Oscar"]
[Black "Garrido Legarreta, Jose Javier"]
[Result "1/2-1/2"]
[WhiteElo "1824"]
[BlackElo "2060"]
[PlyCount "77"]
[EventDate "2011.12.17"]
[EventType "swiss"]
[EventRounds "9"]
[EventCountry "ESP"]
[SourceTitle "EXT 2024"]
[Source "ChessBase"]
[SourceDate "2023.10.10"]
[SourceVersion "1"]
[SourceVersionDate "2023.10.10"]
[SourceQuality "1"]

1. d4 Nf6 2. Bf4 g6 3. Nc3 Bg7 4. Qd2 h6 5. e4 d6 6. f3 c6 7. Bc4 b5 8. Bb3 Nbd7 9. Nge2 e5 10. dxe5 dxe5 11. Be3 a5 12. a4 b4 13. Nd1 Qe7 14. Bc4 Nc5 15. Nf2 Be6 16. Bxe6 Nxe6 17. 0-0 h5 18. Rfd1 Rd8 19. Qe1 0-0 20. Rxd8 Rxd8 21. Rd1 Nd7 22. b3 Bf8 23. Nc1 Qf6 24. Ncd3 Ndc5 25. Nb2 Bd6 26. Nc4 Bc7 27. Rxd8+ Qxd8 28. Qd1 Qxd1+ 29. Nxd1 f6 30. Nf2 Kf7 31. Kf1 Nd4 32. Bxd4 exd4 33. h3 Nb7 34. Nd3 Ke6 35. Ke2 f5 36. e5 g5 37. f4 g4 38. h4 Kd5 39. g3 1/2-1/2

[Event "Erandio op 15th"]
[Site "Erandio"]
[Date "2006.12.23"]
[Round "9"]
[White "Varas, Carlos"]
[Black "Garrido Legarreta, Jose Javier"]
[Result "0-1"]
[WhiteElo "2290"]
[BlackElo "2082"]
[PlyCount "110"]
[EventDate "2006.12.16"]
[EventType "swiss"]
[EventRounds "9"]
[EventCountry "ESP"]
[SourceTitle "EXT 2018"]
[Source "ChessBase"]
[SourceDate "2017.10.13"]
[SourceVersion "1"]
[SourceVersionDate "2017.10.13"]
[SourceQuality "1"]

1. e4 c5 2. Nf3 d6 3. d4 cxd4 4. Nxd4 Nf6 5. Nc3 a6 6. h3 e6 7. Be2 Nc6 8. 0-0 Be7 9. a4 0-0 10. Be3 Qc7 11. Nb3 b6 12. f4 Rb8 13. Bf3 Na5 14. Nd2 Bd7 15. Qe2 b5 16. axb5 axb5 17. e5 dxe5 18. fxe5 Ne8 19. Be4 b4 20. Na4 Bb5 21. Bd3 Qxe5 22. Nf3 Bxd3 23. Qxd3 Qb5 24. Qxb5 Rxb5 25. Nd4 Rb7 26. b3 Nf6 27. Nb2 Bd8 28. Nd3 Nd5 29. Bd2 Bb6 30. Kh1 Bxd4 31. Rxa5 h6 32. Nf4 Nxf4 33. Bxf4 Rd8 34. Rd1 Rbd7 35. Be5 Bxe5 36. Rxd7 Rxd7 37. Rxe5 Rc7 38. Re2 Kf8 39. Kg1 Ke7 40. Kf2 f5 41. Ke3 e5 42. Kd2 Ke6 43. Re1 Rc3 44. Re2 e4 45. g4 Rxh3 46. gxf5+ Kxf5 47. Rf2+ Rf3 48. Rh2 Kg4 49. Rg2+ Rg3 50. Re2 Kf3 51. Re3+ Kf4 52. Re2 h5 53. Rh2 Kg4 54. Re2 Kf3 55. c4 bxc3+ 0-1

[Event "Erandio op"]
[Site "Erandio"]
[Date "2003.12.28"]
[Round "8"]
[White "Garrido Legarreta, Jose Javier"]
[Black "Veingold, Aleksandr"]
[Result "0-1"]
[WhiteElo "2097"]
[BlackElo "2478"]
[PlyCount "100"]
[EventDate "2003.12.20"]
[EventType "swiss"]
[EventRounds "8"]
[EventCountry "ESP"]
[SourceTitle "CBM 097 Extra"]
[Source "ChessBase"]
[SourceDate "2004.01.13"]
[SourceVersion "1"]
[SourceVersionDate "2004.01.13"]
[SourceQuality "1"]

1. e4 c5 2. Nf3 d6 3. d4 cxd4 4. Nxd4 Nf6 5. Nc3 a6 6. Be2 e5 7. Nb3 Be7 8. 0-0 Be6 9. Be3 Nbd7 10. a4 Rc8 11. f3 Nb6 12. a5 Nc4 13. Bxc4 Rxc4 14. Rf2 0-0 15. Rd2 Qc7 16. Na4 h6 17. Nb6 Rc6 18. c3 Nh5 19. Nc1 Bg5 20. Bxg5 hxg5 21. Nd3 g6 22. Nb4 Rxb6 23. axb6 Qxb6+ 24. Kh1 Ng3+ 25. hxg3 Kg7 26. Qg1 Rh8+ 27. Qh2 g4 28. Rad1 Qe3 29. Qxh8+ Kxh8 30. Nc2 Qg5 31. Kh2 Bb3 32. fxg4 Kg7 33. Rf2 Qxg4 34. Re1 Kf8 35. Rd2 Qh5+ 36. Kg1 Qg5 37. Ne3 Qxg3 38. Ree2 Qh4 39. Rxd6 Qxe4 40. Rd8+ Kg7 41. Rdd2 Be6 42. Nd5 Qb1+ 43. Kh2 Qf5 44. Ne3 Qf4+ 45. Kg1 e4 46. Rd4 f5 47. c4 Qe5 48. Red2 f4 49. Rd7+ Bxd7 50. Rxd7+ Kf8 0-1

[Event "Guipuzcoa Mondragon"]
[Site "Guipuzcoa"]
[Date "2002.04.26"]
[Round "3"]
[White "Limeres Guiance, Cristobal"]
[Black "Garrido Legarreta, Jose Javier"]
[Result "1-0"]
[WhiteElo "2242"]
[BlackElo "2172"]
[PlyCount "111"]
[EventDate "2002.04.12"]
[EventType "tourn"]
[EventRounds "9"]
[EventCountry "ESP"]
[SourceTitle "EXT 2003"]
[Source "ChessBase"]
[SourceDate "2002.11.25"]
[SourceVersion "1"]
[SourceVersionDate "2002.11.25"]
[SourceQuality "1"]

1. d4 Nf6 2. c4 g6 3. g3 Bg7 4. Bg2 d5 5. cxd5 Nxd5 6. e4 Nb6 7. Ne2 0-0 8. 0-0 e5 9. d5 c6 10. Qb3 cxd5 11. exd5 Na6 12. Be3 Qd6 13. Nbc3 Bd7 14. Ne4 Qc7 15. Rfc1 Qd8 16. N4c3 Re8 17. a4 Bc8 18. Nb5 Bf8 19. Nxa7 Nc5 20. Bxc5 Bxc5 21. Rxc5 Rxa7 22. Nc3 Nd7 23. Rc4 Nb6 24. Rb4 Nd7 25. Nb5 Ra6 26. Rc1 Rb6 27. a5 Rf6 28. Na7 Qxa5 29. Nxc8 Nc5 30. Qc4 Nd3 31. Rb5 Qd2 32. Qc2 Qxc1+ 33. Qxc1 Nxc1 34. Rc5 Nd3 35. Rc7 Nxb2 36. d6 Rd8 37. d7 Nd3 38. Bxb7 Nxf2 39. Ne7+ Kg7 40. Bc6 Nh3+ 41. Kg2 Ng5 42. Rc8 Ne6 43. Nd5 h5 44. h4 e4 45. Nc7 Rxd7 46. Ne8+ Kh6 47. Bxd7 Rf5 48. Nd6 Rf3 49. Bxe6 fxe6 50. Nxe4 Re3 51. Ng5 Kg7 52. Kf2 Re5 53. Rc7+ Kf8 54. Rf7+ Ke8 55. Rf6 Ke7 56. Rxg6 1-0